000
00317nam a22001457a 4500
008
210305b ||||| |||| 00| 0 eng d
020
_a
9781119146445
041
_a
eng
080
_2
10th
_a
611
082
_a
611
100
_a
6
101
_a
ANA
245
_a
Introducion to the Human Body
_c
TCC
942
_2
udc
_c
BK
999
_c
55813
_d
55813